000 00892cam a2200241 4500
001 WS118022
008 020517n 000 0 eng u
035 _a(Sirsi) u118022
245 _aBusiness Connect Wales
520 _aWeb site for this first stop for business advice and information in Wales. Guidance is given in key areas including human resources, corporate finances, premises management, marketing, insurance, tax and business startup.
650 _aBUSINESS ADVICE
650 _aWALES
650 _aHUMAN RESOURCES
650 _aCORPORATE FINANCE
650 _aPREMISES MANAGEMENT
650 _aMARKETING
650 _aInsurance
_96249
650 _aTAXATION
650 _aBUSINESS START-UPS
690 _aMANAGEMENT-BUSINESS MANAGEMENT
856 4 0 _uhttps://www.businessconnect.org.uk
_zView the website free of charge at www.businessconnect.org.uk...
942 _n0
999 _c120039
_d120039